A quel manga / animé appartient ce personnage ? #2 - Statistiques

Statistiques générales
  • Ce quiz a été pris 8 405 fois
  • Le résultat moyen est 12 sur 15
Statistiques - réponses
Hint Réponse % Correct
Roronoa Zoro One Piece
99%
Gojo Satoru Jujutsu Kaisen
92%
Jiraiya Naruto
92%
Armin Arlert Attaque des Titans
90%
Zenitsu Agatsuma Demon Slayer
90%
Hisoka Morow Hunter x Hunter
88%
Jotaro Jojo's bizarre adventure
84%
Ban Seven Deadly Sins
78%
Draken Tokyo Revengers
75%
Thors Vinland Saga
75%
Loid Forger Spy X Family
74%
Isabella The Promised Neverland
68%
Roy Mustang Fullmetal Alchemist
64%
Touka Kirishima Tokyo Ghoul
50%
Gen Asagiri Dr Stone
46%
Aucun quiz correspondant
Distribution des résultats
% des personnes avec chaque résultat
Percentile par nombre de réponses
Votre historique - résultats
Vous n’avez pas pris ce quiz